Canadian Provinces & Territories - Sudden Death - Statistics

General Stats
  • This quiz has been taken 34 times
  • The average score is 11 of 13
Answers on the Grid
Answers color-coded by a green-red scale on the quiz's grid according to % correct below.
Ontario
Yukon
Nunavut
Northwest Territories
Quebec
Saskatchewan
Alberta
New Brunswick
Prince Edward Island
Nova Scotia
Newfoundland & Labrador
Manitoba
British Columbia
Montreal
Superior
Canadian Columbia
Moose Lake
Southwest Territories
Alaskan Territory
Old Scotia
Winnipeg
Ellesmere
Washington
 
Answer Stats
Answer % Correct
Alberta
96%
Newfoundland & Labrador
96%
Ontario
91%
Prince Edward Island
91%
Quebec
91%
British Columbia
87%
Northwest Territories
87%
Nova Scotia
87%
Nunavut
87%
Saskatchewan
87%
Manitoba
83%
New Brunswick
83%
Yukon
78%
No matching quizzes found
Score Distribution
Percent of People with Each Score
Percentile by Number Answered
Your Score History
You have not taken this quiz